Male nude now /

Saved in:
Bibliographic Details
Main Author: Leddick, David.
Format: Book
Language:English
Published: New York, N.Y. : Universe, 2001.
Subjects:
Tags: Add Tag
No Tags, Be the first to tag this record!
LEADER 01171cam a2200385 a 4500
001 014417536-3
005 20150629152702.0
008 011101s2001 nyua 000 0 eng c
010 |a  2001089981 
020 |a 0789306352 
020 |a 9780789306357 
035 0 |a ocm48254270 
040 |a PUL  |b eng  |c PUL  |d UOK  |d CUS  |d DLC  |d BAKER  |d YDXCP  |d OCLCF  |d OCLCQ  |d OCLCO  |d OCL 
042 |a pcc 
050 4 |a N7572  |b .L423 2001 
050 0 0 |a TR675  |b .L3397 2001 
082 0 0 |a 704.9/423  |2 22 
082 0 4 |a 704.942/1  |2 21 
100 1 |a Leddick, David. 
245 1 0 |a Male nude now /  |c David Leddick. 
246 1 4 |a Male nude now : new visions for the 21st century 
260 |a New York, N.Y. :  |b Universe,  |c 2001. 
300 |a 224 pages :  |b illustrations (some color) ;  |c 28 cm 
336 |a text  |b txt  |2 rdacontent 
337 |a unmediated  |b n  |2 rdamedia 
338 |a volume  |b nc  |2 rdacarrier 
650 0 |a Male nude in art. 
650 0 |a Photography of men. 
650 0 |a Photography of the nude. 
650 7 |a Male nude in art.  |2 fast 
650 7 |a Photography of men.  |2 fast 
650 7 |a Photography of the nude.  |2 fast 
899 |a 415_565857 
988 |a 20150629 
906 |0 OCLC